| 000 | 00614nam a22002057a 4500 | ||
|---|---|---|---|
| 005 | 20151126120945.0 | ||
| 010 | _aENG-114120 | ||
| 020 |
_c295.00 _a9789350355862 |
||
| 035 | _aEN-97652 | ||
| 037 | _bDBAD/PUB | ||
| 082 | _a342.54 | ||
| 100 | _aBakshi, P.M. | ||
| 245 |
_aThe constitution of India / _bby P.M. Bakshi |
||
| 250 | _a13th ed | ||
| 260 |
_aGurgaon _bUniversal Law Publishing _c2015 |
||
| 270 |
_a14th Floor, Building No 10, Tower -B, DLFCyber City, Phase-II _bGurgaon _e122002 |
||
| 300 |
_acxlvi,508p. _c24cm(pbk) |
||
| 500 | _aIncludes index | ||
| 942 |
_2ddc _cEN _mBAK _h342.54 |
||
| 999 |
_c97227 _d97227 |
||